01218 a2200169 45000010006000000050017000060080041000230030015000640400040000790800049001192450015001682640055001833000019002385050739002571000021009967000031010175901420260407155845.0260407a1953 arg spa dAR-UNSa-BCEJYS aAR-UNSa-BCEJYSbspacAR-UNSa-BCEJYS a338.516.24xPrecio de monopolio (oligopolio)10aOligopolio 1aBuenos Aires :bFondo de Cultura Económicac1953 a300 p.c22 cm. a1. Competencia, cortedad de número y coordinación espontánea - 2. La teoría clásica del oligopolio y sus prolongaciones - 3. Los mapas de indiferencia de Stackelberg: extensión del análisis a otras estructuras de mercado - 4. La teoría pura: la ganancia conjunta máxima - 5. Límites de la maximización del problema de monopolio-oligopolio - 6. Otras limitaciones: el problema oligopólico concreto - 7. Presentación concisa de la maximización conjunta limitada - 8. Maximización conjunta limitada en diversas estructuras de merado - 9. Monopolio bilateral en el mercado de productos - 10. El elemento de monopolio bilateral en las relaciones obrero patronales - 11. Problemas de apreciación y política1 aFellner, William1 aBeautell, Cristóbal Lara